| 000 | 00876nam a2200229 i 4500 | ||
|---|---|---|---|
| 001 | 25112 | ||
| 003 | ES-MaACL | ||
| 005 | 20250902080710.0 | ||
| 007 | t| | ||
| 008 | 021220s1959 sp e |||| | spa d | ||
| 100 | 1 |
_aAragón Soldado, Jesús de. _922194 |
|
| 245 | 1 | 0 |
_aEnciclopedia de administración, contabilidad y organización de empresas / _cJesús de Aragón Soldado, Jesús de Aragón Rodríguez y Enrique de Aragón Rodríguez. |
| 260 |
_aMadrid : _bAguilar, _c1959 ( _fSelecciones Gráficas) |
||
| 300 |
_a3 v. : _bil. ; _c24 cm. |
||
| 500 | _aIncluye 1 fascículo índice. | ||
| 650 | 7 |
_aEmpresas- _vEnciclopedias _2 _9166213 |
|
| 650 | 7 |
_aOrganización de la empresa _2embne _912228 |
|
| 700 | 1 |
_aAragón Rodríguez, Jesús de. _922193 |
|
| 700 | 1 |
_aAragón Rodríguez, Enrique de. _922192 |
|
| 852 |
_aES-MaACL _jC-16484-86 |
||
| 999 |
_c25112 _d25112 |
||